| 000 | 00502nam a2200181 i 4500 | ||
|---|---|---|---|
| 001 | 81909 | ||
| 003 | ES-MaACL | ||
| 005 | 20250712024116.0 | ||
| 007 | t| | ||
| 008 | 041108s1973 sp ||||1| spa d | ||
| 100 | 1 |
_aIglesias Laguna, Antonio, _d1927-1972 _965122 |
|
| 245 | 1 | 0 |
_aSer hombre / _cAntonio Iglesias Laguna. |
| 250 | _a[1ยช ed.]. | ||
| 260 |
_a[Barcelona] : _bNoguer, _c[1973] |
||
| 300 |
_a617 p. ; _c23 cm. |
||
| 852 |
_aES-MaACL _jC-52374 _bR.86059 |
||
| 999 |
_c81909 _d81909 |
||